000 00347nam a22001337a 4500
008 250811b |||||||| |||| 00| 0 eng d
020 _a0875844162
050 _aHD 41
_b.H36
100 _aHAMEL GARY
245 _aCOMPETING FOR THE FUTURE
260 _aUNITED STATES OF AMERICA
_bAMERICAN NATIONAL STANDARD
_c1994
300 _a327p.
942 _cBK
999 _c4460
_d4460